Начертательная геометрия. Геометрическое и проекционное черчение: учебник

Dettagli Bibliografici
Altri autori: Учаев П. Н. Петр Николаевич (редактор), Емельянов С. Г. Сергей Геннадьевич, Учаева К. П. Капиталина Павловна, Попов Ю. А. Юрий Алексеевич, Аникеева Н. П. Надежда Петровна
Riassunto:В учебнике изложены основные положения начертательной геометрии, геометрического и проекционного черчения, которые, как известно, являются базой для разработки и оформления конструкторской документации — чертежей и других документов.Освещены фундаментальные положения начертательной геометрии как основы решения геометрических задач, встречающихся в инженерной практике конструирования изделий машиностроения.Рассмотрены основные приёмы геометрических построений, выполне­ния сопряжений, плоских и пространственных кривых. Показано прак­тическое применение этих кривых и сопряжений на примере типовых изделий машиностроения. Сформулированы общие правила разработки и оформления чертежей согласно требованиям Единой системы конструк­торской документации (ЕСКД). Особое внимание уделено созданию базы инженерных знаний по этим важным вопросам.Учебник предназначен для студентов вузов, обучающихся по направ­лению «Конструкторско-технологическое обеспечение машиностроитель­ных производств». Приведённый в нём материал может быть использован преподавателями для обеспечения учебного процесса по инженерной гра­фике и другим общетехническим дисциплинам.
Lingua:russo
Pubblicazione: Старый Оскол, ТНТ, 2015
Soggetti:
Natura: MixedMaterials Libro
KOHA link:https://koha.lib.tpu.ru/cgi-bin/koha/opac-detail.pl?biblionumber=262230

MARC

LEADER 00000nam0a2200000 4500
001 262230
005 20231101233632.0
010 |a 9785941784509 
035 |a (RuTPU)RU\TPU\book\285212 
090 |a 262230 
100 |a 20140530d2015 m y0rusy50 ca 
101 0 |a rus 
102 |a RU 
105 |a a j 001zy 
200 1 |a Начертательная геометрия. Геометрическое и проекционное черчение  |e учебник  |f П. Н. Учаев [и др.]  |g под ред. П. Н. Учаева 
210 |a Старый Оскол  |c ТНТ  |d 2015 
215 |a 340 с.  |c ил. 
320 |a Библиогр.: с. 335-336. 
320 |a Предм. указ.: с. 337-338. 
330 |a В учебнике изложены основные положения начертательной геометрии, геометрического и проекционного черчения, которые, как известно, являются базой для разработки и оформления конструкторской документации — чертежей и других документов.Освещены фундаментальные положения начертательной геометрии как основы решения геометрических задач, встречающихся в инженерной практике конструирования изделий машиностроения.Рассмотрены основные приёмы геометрических построений, выполне­ния сопряжений, плоских и пространственных кривых. Показано прак­тическое применение этих кривых и сопряжений на примере типовых изделий машиностроения. Сформулированы общие правила разработки и оформления чертежей согласно требованиям Единой системы конструк­торской документации (ЕСКД). Особое внимание уделено созданию базы инженерных знаний по этим важным вопросам.Учебник предназначен для студентов вузов, обучающихся по направ­лению «Конструкторско-технологическое обеспечение машиностроитель­ных производств». Приведённый в нём материал может быть использован преподавателями для обеспечения учебного процесса по инженерной гра­фике и другим общетехническим дисциплинам. 
606 1 |a Начертательная геометрия  |2 stltpush  |3 (RuTPU)RU\TPU\subj\45211  |9 64468 
606 1 |a Инженерная графика  |2 stltpush  |3 (RuTPU)RU\TPU\subj\39243  |9 59411 
610 1 |a учебники 
610 1 |a проекции 
610 1 |a чертежи 
610 1 |a построение 
610 1 |a точки 
610 1 |a прямые линии 
610 1 |a плоскости 
610 1 |a преобразования 
610 1 |a кривые линии 
610 1 |a поверхности 
610 1 |a пересечения 
610 1 |a развертки 
610 1 |a аксонометрические изображения 
610 1 |a технические рисунки 
610 1 |a графические документы 
610 1 |a конструкторская документация 
610 1 |a оформление 
610 1 |a геометрическое черчение 
610 1 |a сопряжения 
610 1 |a проекционное черчение 
675 |a 514.18(075.8)  |v 3 
675 |a 76:621(075.8)  |v 3 
701 1 |a Учаев  |b П. Н.  |g Петр Николаевич 
701 1 |a Емельянов  |b С. Г.  |g Сергей Геннадьевич 
701 1 |a Учаева  |b К. П.  |g Капиталина Павловна 
701 1 |a Попов  |b Ю. А.  |g Юрий Алексеевич 
701 1 |a Аникеева  |b Н. П.  |g Надежда Петровна 
702 1 |a Учаев  |b П. Н.  |g Петр Николаевич  |4 340 
801 1 |a RU  |b 63413507  |c 20140530 
801 2 |a RU  |b 63413507  |c 20150521  |g RCR 
900 |a Начертательная геометрия. Инженерная графика 
900 |a Геометрическое моделирование и основы САПР 
900 |a Черчение 
942 |c BK 
951 |l 8 
959 |a 94/20140530  |d 5  |e 0  |f ЧЗТЛ:1  |f АНЛ:1  |f УФ:3